Statistiques concernant Danse avec les Stars Saison 11

Cliquez ici pour prendre le quiz!

Statistiques générales

  • Ce quiz a été pris 313 fois
  • Le résultat moyen est 21 sur 31

Statistiques - réponses

% Correct
DanseurElsa Bois
96%
DanseurFauve Hautot
95%
StarMichou
95%
StarTayc
91%
JugeChris Marques
88%
StarBilal Hassani
84%
JugeDenitsa Ikonomova
83%
PrésentateurCamille Combal
82%
DanseurJordan Mouillerac
80%
JugeJean-Paul Gaultier
78%
DanseurChristophe Licata
74%
JugeFrançois Alu
73%
StarAurelie Pons
67%
DanseurCandice Pascal
65%
StarWejdene
64%
StarDita Von Teese
62%
DanseurMaxime Dereymez
62%
DanseurAnthony Colette
61%
StarLola Dubini
61%
StarGeremy Credeville
58%
DanseurInes Vandamme
58%
StarLaam
58%
DanseurAdrien Caby
57%
StarLucie Lucas
57%
Danseur Chritian Miette
53%
StarMoussa Niang
52%
DanseurCoralie Licata
50%
Star Vaimalama Chaves
50%
Star Jean-Baptiste Maunier
47%
DanseurSamuel Texier
47%
DanseurJoel Luzolo
42%

Distribution des résultats

Percentile par nombre de réponses

% des personnes avec chaque résultat

Votre développement - résultats

Vous n’avez pas pris ce quiz